Najbardziej nielubiane polskie piosenki - Statystyki

Ogólne statystyki
  • Ten quiz został rozwiązany 93 razy
    54 od ostatniego zresetowania
  • Średni wynik to 9 z 32
Statystyki odpowiedzi
Łapki w dół Wykonawca(y) Piosenka % Poprawnych
128 TYS. SŁAWOMIR Miłość w Zakopanem
83%
106 TYS. Daj To Głośniej Mama ostrzegała
67%
136 TYS. Kacper Blonsky ELUWINA!!!
63%
125 TYS. EKIPA, WIP BROS PRZEJMUJEMY JUTUBY
61%
218 TYS. TEAM X SIEDEM
61%
145 TYS. Kacper Blonsky CRUSHER
59%
92 TYS. EKIPA 3KIPA
57%
544 TYS. Gummi Miś Bańkę Łap
57%
88 TYS. Disco Marek ZOSTAŃ MOJĄ KOTKĄ
52%
92 TYS. VITO, BELLA TSUNAMI
41%
155 TYS. TEAM X ADIOS
33%
230 TYS. #Hot16Challenge2 Andrzej Duda
30%
122 TYS. MartiRenti bad girl
30%
101 TYS. TEAM X POLO GANG
30%
127 TYS. Mini Disco Kaczuszki
22%
129 TYS. Pszczolka Maja Taniec Mai
20%
131 TYS. Justyna Bojczuk, Bartus Gozdziewski, Benek Lewandowski Boogie Woogie
17%
126 TYS. Aida Mucha W Mucholocie
17%
101 TYS. NutkoSfera W UKŁADZIE SŁONECZNYM
17%
229 TYS. Śpiewające Brzdące Lisek Łakomczuszek
13%
271 TYS. Disney Polska Dzień jak ze snu
11%
146 TYS. Śpiewające Brzdące Nieznajomy
11%
167 TYS. SIOSTRY GODLEWSKIE Tak to my
11%
206 TYS. Dziecięce Przeboje Idziemy do ZOO
9%
121 TYS. BZYK Pieski małe dwa
9%
115 TYS. Śpiewające Brzdące Gdacze kura: Ko, Ko, Ko
7%
93 TYS. #Hot16Challenge2 KACPER BLONSKY
7%
92 TYS. Lulek Misio Mniam Mniam
7%
104 TYS. Bajlandia Była sobie żabka mała
4%
88 TYS. WYGIBASY KTO JAK SKACZE
4%
91 TYS. Śpiewanki ZUZIA, LALKA NIEDUŻA
4%
95 TYS. Dziecięce Przeboje Kosmo Żabka
2%
Nie znaleziono quizów pasujących do podanych kryteriów
Rozkład punktacji
Procent ludzi z każdym wynikiem
Percentyl według liczby udzielonych odpowiedzi
Twoja historia wyników
Nie rozwiązałeś tego quizu od ostatniego zresetowania